[Event "IECC CL6-2001.16"]
[Site "IECC email"]
[Date "2001.05.14"]
[Round "?"]
[White "Lui, Eti"]
[Black "Barrer, Michel"]
[Result "0-1"]
[WhiteElo "1281"]
[BlackElo "1344"]
[PlyCount "76"]
[EventDate "2001.??.??"]
[EventType "tourn (corr)"]
[EventRounds "4"]
[SourceTitle "Corr 2008"]
[Source "ChessBase"]
[SourceDate "2008.06.24"]
[SourceVersion "1"]
[SourceVersionDate "2008.06.24"]
[SourceQuality "1"]

1. d4 Nf6 2. c4 c5 3. Nf3 g6 4. e3 Bg7 5. Nc3 0-0 6. Be2 d6 7. 0-0 Nbd7 8. b3 a6 9. Bb2 Qc7 10. Qc2 b6 11. Rfd1 Bb7 12. a3 Rfd8 13. Rac1 cxd4 14. Nxd4 e6 15. Bf3 Bxf3 16. Nxf3 Rac8 17. Qe2 Nc5 18. Qc2 Qb7 19. b4 Nce4 20. Qd3 Qc6 21. Nxe4 Nxe4 22. Bxg7 Kxg7 23. Nd4 Qb7 24. f3 Nf6 25. e4 e5 26. Nb3 Ne8 27. Nd2 Nc7 28. Nf1 Ne6 29. Ne3 Nf4 30. Qf1 f6 31. g3 Ne6 32. Qh3 Ng5 33. Qg2 Ne6 34. Nd5 a5 35. Qf1 Nd4 36. bxa5 bxa5 37. Rb1 Qa7 38. Kh1 Rb8 0-1